[Event "Warsaw YMCA Spring-C 185th"]
[Site "Warsaw"]
[Date "2017.05.03"]
[Round "5"]
[White "Borys, Marek"]
[Black "Kucharski, Jacek"]
[Result "1-0"]
[WhiteElo "1384"]
[BlackElo "1388"]
[PlyCount "89"]
[EventDate "2017.04.06"]
[EventType "tourn"]
[EventRounds "13"]
[EventCountry "POL"]
[SourceTitle "EXT 2019"]
[Source "ChessBase"]
[SourceDate "2018.10.10"]
[SourceVersion "1"]
[SourceVersionDate "2018.10.10"]
[SourceQuality "1"]

1. d4 Nf6 2. c4 g6 3. Nc3 d5 4. cxd5 Nxd5 5. e4 Nxc3 6. bxc3 Bg7 7. Be3 0-0 8. Bc4 c5 9. Rc1 cxd4 10. cxd4 Nc6 11. Ne2 e6 12. 0-0 Qa5 13. Qb3 Qd8 14. Qb2 Na5 15. Bd3 Bd7 16. Qd2 Nc6 17. Bh6 Rc8 18. Bxg7 Kxg7 19. h3 b6 20. Ba6 Rc7 21. Qc3 Qf6 22. d5 Qxc3 23. Rxc3 Bc8 24. Bxc8 Rcxc8 25. Rxc6 exd5 26. exd5 Rxc6 27. dxc6 Rc8 28. Rc1 Kf6 29. Nd4 Ke5 30. Nb5 a6 31. Na3 b5 32. c7 Kd6 33. Kf1 Kd7 34. Ke2 b4 35. Nb1 a5 36. Rc4 Rxc7 37. Rxc7+ Kxc7 38. Kd3 g5 39. Kc4 Kc6 40. Nd2 f5 41. Nb3 h5 42. Nxa5+ Kb6 43. Kxb4 h4 44. f3 g4 45. fxg4 1-0

[Event "Warsaw YMCA Spring-C 185th"]
[Site "Warsaw"]
[Date "2017.04.19"]
[Round "3"]
[White "Mazurkiewicz, Wojciech"]
[Black "Borys, Marek"]
[Result "1/2-1/2"]
[WhiteElo "1482"]
[BlackElo "1384"]
[PlyCount "63"]
[EventDate "2017.04.06"]
[EventType "tourn"]
[EventRounds "13"]
[EventCountry "POL"]
[SourceTitle "EXT 2019"]
[Source "ChessBase"]
[SourceDate "2018.10.10"]
[SourceVersion "1"]
[SourceVersionDate "2018.10.10"]
[SourceQuality "1"]

1. e4 c6 2. d4 d5 3. Nc3 dxe4 4. Nxe4 Nd7 5. Bc4 Ngf6 6. Ng5 e6 7. Qe2 Nb6 8. Bd3 h6 9. N5f3 Bd6 10. Ne5 Nbd7 11. Ngf3 Be7 12. Ng6 fxg6 13. Bxg6+ Kf8 14. Qxe6 Qa5+ 15. c3 Qd5 16. Qe2 Nb6 17. 0-0 Bg4 18. Re1 Bd6 19. Bf4 Rd8 20. Bxd6+ Qxd6 21. c4 Nc8 22. Rad1 Ne7 23. Bc2 g6 24. c5 Qd7 25. Qe5 Ned5 26. Nh4 Bxd1 27. Nxg6+ Kf7 28. Nxh8+ Rxh8 29. Bxd1 Kg7 30. Qg3+ Kf7 31. h3 Re8 32. Rxe8 1/2-1/2

[Event "Warsaw YMCA Winter-D 182nd"]
[Site "Warsaw"]
[Date "2017.02.10"]
[Round "6"]
[White "Derylo, Kamil"]
[Black "Borys, Marek"]
[Result "1/2-1/2"]
[WhiteElo "1268"]
[BlackElo "1270"]
[PlyCount "171"]
[EventDate "2017.01.10"]
[EventType "tourn"]
[EventRounds "13"]
[EventCountry "POL"]
[SourceTitle "EXT 2019"]
[Source "ChessBase"]
[SourceDate "2018.10.10"]
[SourceVersion "1"]
[SourceVersionDate "2018.10.10"]
[SourceQuality "1"]

1. e4 c6 2. d4 d5 3. Nc3 dxe4 4. Nxe4 Nd7 5. Nf3 Ngf6 6. Bd3 Nxe4 7. Bxe4 Nf6 8. Bd3 Bg4 9. Be3 e6 10. h3 Bxf3 11. Qxf3 Bd6 12. 0-0 0-0 13. Bg5 Be7 14. c3 Re8 15. Rfe1 h6 16. Bh4 a5 17. Kh1 Qd5 18. Re3 Qxf3 19. Rxf3 Nh5 20. Bxe7 Rxe7 21. Rg1 Nf6 22. g4 Nh7 23. h4 g6 24. Re3 Kg7 25. f4 Nf6 26. f5 Nd7 27. fxg6 fxg6 28. Rge1 Rae8 29. Bc4 e5 30. Bb3 Kf6 31. Rf1+ Kg7 32. dxe5 Nxe5 33. g5 hxg5 34. hxg5 Ng4 35. Rg3 Re1 36. Rgg1 Rh8+ 37. Kg2 Rxf1 38. Kxf1 Rf8+ 39. Ke2 Ne5 40. Rg3 Re8 41. Re3 Re7 42. a3 Kf8 43. Bc2 Kf7 44. Bb3+ Kf8 45. Bc2 Kf7 46. b3 Ke8 47. b4 axb4 48. axb4 Kd7 49. Bd3 Nf7 50. Rxe7+ Kxe7 51. Bxg6 Nxg5 52. Kd3 Kd6 53. Be4 b6 54. c4 c5 55. b5 Ne6 56. Ke3 Ke5 57. Bd5 Nd4 58. Bg8 Nc2+ 59. Kd3 Nd4 60. Ke3 Nf5+ 61. Kd3 Kf4 62. Bd5 Nd6 63. Bc6 Nf7 64. Bd5 Ne5+ 65. Ke2 Ng4 66. Kd3 Nf2+ 67. Ke2 Ng4 68. Kd3 Nf6 69. Bc6 Nh5 70. Bd5 Nf6 71. Bc6 Ng8 72. Bd5 Ne7 73. Bc6 Ng6 74. Bd5 Ne5+ 75. Ke2 Ng4 76. Kd3 Nf2+ 77. Ke2 Nh3 78. Kd3 Ng1 79. Bc6 Nf3 80. Bd5 Nd4 81. Bc6 Nb3 82. Bd5 Nd4 83. Bc6 Nf5 84. Bd5 Ne7 85. Bc6 Ke5 86. Be4 1/2-1/2